Rovnováha hospodárstva a Mundellov-Flemingov model

Zložky HDP ako základ na vyjadrenie rovnováhy hospodárstva. Prvky a toky reálneho hospodárstva. Objasnenie modelu a konštrukcia priamky FE Objasnenie fungovania ekonomického systému na báze Mundellovho-Flemingovho modelu ako súčasti tvorby hospodárskej politiky ekonomiky SR.

Na minha lista:
Detalhes bibliográficos
Autor principal: Husár, Jaroslav
Formato: Capítulo de Livro
Idioma:eslovaco
Assuntos:
Tags: Adicionar Tag
Sem tags, seja o primeiro a adicionar uma tag!

MARC

LEADER 00000naa$a2200000$$$4500
001 0031519
005 20240502071437.7
041 0 |a slo 
044 |a SK 
245 1 0 |a Rovnováha hospodárstva a Mundellov-Flemingov model  |c Jaroslav Husár 
520 |a Zložky HDP ako základ na vyjadrenie rovnováhy hospodárstva. Prvky a toky reálneho hospodárstva. Objasnenie modelu a konštrukcia priamky FE Objasnenie fungovania ekonomického systému na báze Mundellovho-Flemingovho modelu ako súčasti tvorby hospodárskej politiky ekonomiky SR. 
610 2 0 |a rovnováha hospodárska 
610 2 0 |a Slovensko 
610 2 0 |a politika hospodárska 
610 2 0 |a modely ekonomicko-matematické 
610 2 0 |a produkt domáci hrubý 
100 1 |a Husár, Jaroslav